000 00405nam a2200181Ia 4500
001 10356
005 20260306161826.0
008 260306t1995||||xx |||||||||||||| ||spa||
041 _aESP
082 _a920.71
_bL42
100 _aLeiva Viacava, Lourdes
_eAUT
245 0 _aNicolas de Pierola
260 _c1995
300 _a
_c20 cm.
650 _aGEN
654 _aCHU
942 _cLIB
_dJUS
_fJUS
_2ddc
_n
999 _c10356
_d10356